000 00469nam a2200181Ia 4500
003 GCL
008 140319s9999 xx 000 0 ara d
040 _aGCL /
_cGCL
082 0 4 _a811.9
_bع م
100 1 _aعباس الاسوانى
245 1 0 _aالمقامات الاسوانية /
_cعباس الاسوانى
300 _a143 ص
490 _a
650 0 4 _aالادب
650 0 4 _aالمقامات
650 0 4 _aالادب الشعبى
942 _2ddc
_cBK
999 _c39777
_d39777